[Event "Cheliabinsk Lozovatsky Memorial-B"]
[Site "Cheliabinsk"]
[Date "2023.02.05"]
[Round "10"]
[White "Shnayder, Violetta"]
[Black "Kozlova, Olga1111"]
[Result "1-0"]
[WhiteElo "1895"]
[BlackElo "1691"]
[PlyCount "95"]
[EventDate "2023.01.27"]
[EventType "swiss"]
[EventRounds "10"]
[EventCountry "RUS"]
[SourceTitle "CBM 212 Extra"]
[Source "ChessBase"]
[SourceDate "2023.03.31"]
[SourceVersion "1"]
[SourceVersionDate "2023.03.31"]
[SourceQuality "1"]

1. Nf3 Nf6 2. g3 b6 3. Bg2 Bb7 4. c4 e6 5. d4 Be7 6. Nc3 Ne4 7. Bd2 f5 8. 0-0 0-0 9. Qc2 Bf6 10. Rad1 Qe7 11. d5 Na6 12. a3 Nac5 13. b4 Nxc3 14. Bxc3 Ne4 15. Bxf6 Qxf6 16. dxe6 dxe6 17. Nd4 Rad8 18. Nb3 Ba8 19. Rxd8 Rxd8 20. Rd1 Rxd1+ 21. Qxd1 Nc3 22. Qd3 Bxg2 23. Kxg2 h6 24. Nd4 c5 25. bxc5 bxc5 26. Nc6 a6 27. Qd7 Qf7 28. Qc8+ Kh7 29. e3 f4 30. exf4 Qf5 31. Ne7 Qf7 32. Qxc5 Ne4 33. Qc7 h5 34. h4 Qf6 35. Qe5 Qxe7 36. Qxe4+ g6 37. a4 Kg7 38. Qd4+ Kf7 39. c5 Qb7+ 40. Kh2 Qc6 41. Qb4 Qf3 42. Qd4 Qc6 43. a5 Qb5 44. Qc3 Qf1 45. Qc2 Qb5 46. c6 Qb8 47. c7 Qc8 48. Qc5 1-0

[Event "Cheliabinsk Lozovatsky Memorial-B"]
[Site "Cheliabinsk"]
[Date "2023.01.28"]
[Round "2"]
[White "Shnayder, Violetta"]
[Black "Obolentseva, Alexandra"]
[Result "0-1"]
[WhiteElo "1895"]
[BlackElo "2313"]
[PlyCount "74"]
[EventDate "2023.01.27"]
[EventType "swiss"]
[EventRounds "10"]
[EventCountry "RUS"]
[SourceTitle "CBM 212 Extra"]
[Source "ChessBase"]
[SourceDate "2023.03.31"]
[SourceVersion "1"]
[SourceVersionDate "2023.03.31"]
[SourceQuality "1"]

1. d4 Nf6 2. Nc3 d5 3. Bf4 g6 4. h4 Bg7 5. e3 Bf5 6. Be2 h5 7. Nf3 a6 8. Ne5 Nbd7 9. Bf3 c6 10. Na4 Nxe5 11. Bxe5 Kf8 12. 0-0 Nd7 13. Bxg7+ Kxg7 14. c4 e6 15. cxd5 exd5 16. g3 g5 17. Nc5 gxh4 18. e4 dxe4 19. Bxe4 Bxe4 20. Nxe4 Nf6 21. Qf3 Qxd4 22. Rfe1 Rad8 23. gxh4 Rhe8 24. Ng3 Qg4 25. Qc3 Rxe1+ 26. Rxe1 Rd1 27. Kg2 Rxe1 28. Qxe1 Nd5 29. Kg1 Kg6 30. Qe8 Nf6 31. Qe7 Qxh4 32. Qxb7 Qg4 33. Kf1 Qd1+ 34. Kg2 Qd5+ 35. Kf1 h4 36. Ne2 Qd1+ 37. Kg2 Qxe2 0-1

[Event "RUS-ch Blitz (Women)"]
[Site "Sochi"]
[Date "2021.10.11"]
[Round "1"]
[White "Styazhkina, Anna"]
[Black "Shnayder, Violetta"]
[Result "1-0"]
[WhiteElo "2228"]
[BlackElo "1921"]
[PlyCount "81"]
[EventDate "2021.10.11"]
[EventType "swiss (blitz)"]
[EventRounds "13"]
[EventCountry "RUS"]
[SourceTitle "CBM 204 Extra"]
[Source "ChessBase"]
[SourceDate "2021.11.30"]
[SourceVersion "1"]
[SourceVersionDate "2021.11.30"]
[SourceQuality "1"]

1. e4 b6 2. d4 Bb7 3. Nc3 e6 4. f3 Bb4 5. Nge2 c5 6. a3 Bxc3+ 7. Nxc3 Nc6 8. d5 Nd4 9. Be3 Qh4+ 10. Bf2 Qf6 11. Bxd4 cxd4 12. Nb5 Kf8 13. dxe6 fxe6 14. Qxd4 Bc6 15. 0-0-0 Ne7 16. Nd6 Nc8 17. e5 Qg5+ 18. f4 Qe7 19. f5 Nxd6 20. exd6 Qg5+ 21. Kb1 exf5 22. Bc4 Re8 23. Rhf1 Be4 24. g3 Qf6 25. Qxf6+ gxf6 26. Bd3 Kg7 27. Rf4 Re6 28. Bc4 Re5 29. g4 fxg4 30. Rxg4+ Bg6 31. h4 h5 32. Rg3 Kh6 33. Rdg1 Bf5 34. Rg7 Bg4 35. Rf7 Rf5 36. Bd3 Rf2 37. Re1 Be6 38. Re7 Rf4 39. R1xe6 dxe6 40. d7 Rd8 41. Rh7# 1-0

[Event "Cheliabinsk Panchenko Memorial op-B"]
[Site "Cheliabinsk"]
[Date "2021.09.21"]
[Round "10"]
[White "Shnayder, Violetta"]
[Black "Strutinskaya, Galina N"]
[Result "1/2-1/2"]
[WhiteElo "1921"]
[BlackElo "2110"]
[PlyCount "63"]
[EventDate "2021.09.13"]
[EventType "swiss"]
[EventRounds "10"]
[EventCountry "RUS"]
[SourceTitle "CBM 204 Extra"]
[Source "ChessBase"]
[SourceDate "2021.11.30"]
[SourceVersion "1"]
[SourceVersionDate "2021.11.30"]
[SourceQuality "1"]

1. Nf3 e6 2. g3 b5 3. Bg2 Bb7 4. c4 bxc4 5. Qa4 Bd5 6. Nc3 Nf6 7. 0-0 c6 8. Re1 Bxf3 9. Bxf3 d5 10. e4 d4 11. e5 Nfd7 12. Nb1 Nb6 13. Bxc6+ Nxc6 14. Qxc6+ Qd7 15. Qe4 Rc8 16. b3 c3 17. dxc3 dxc3 18. Na3 Be7 19. Nc2 0-0 20. Ba3 Rfd8 21. Bxe7 Qxe7 22. Red1 Rd5 23. Ne3 Rdc5 24. Rac1 h6 25. Rc2 Qc7 26. f4 Qc6 27. Qxc6 R5xc6 28. Rd3 g5 29. Kf2 Kg7 30. Kf3 Kg6 31. h4 a5 32. a4 1/2-1/2

[Event "Cheliabinsk Panchenko Memorial op-B"]
[Site "Cheliabinsk"]
[Date "2021.09.20"]
[Round "9"]
[White "Petrukhina, Olga"]
[Black "Shnayder, Violetta"]
[Result "0-1"]
[WhiteElo "2033"]
[BlackElo "1921"]
[PlyCount "86"]
[EventDate "2021.09.13"]
[EventType "swiss"]
[EventRounds "10"]
[EventCountry "RUS"]
[SourceTitle "CBM 204 Extra"]
[Source "ChessBase"]
[SourceDate "2021.11.30"]
[SourceVersion "1"]
[SourceVersionDate "2021.11.30"]
[SourceQuality "1"]

1. d4 Nf6 2. c4 g6 3. Nc3 Bg7 4. Bg5 d6 5. Nf3 h6 6. Bh4 0-0 7. e3 c5 8. d5 g5 9. Bg3 Nh5 10. Bd3 f5 11. Nd2 Nxg3 12. hxg3 e6 13. g4 exd5 14. gxf5 d4 15. exd4 Bxf5 16. Bxf5 Rxf5 17. Qe2 Nc6 18. Qe6+ Rf7 19. 0-0-0 Nxd4 20. Qd5 Qf6 21. Nde4 Qf4+ 22. Kb1 Bf8 23. Rxd4 cxd4 24. Qxd4 Bg7 25. Qd3 Re8 26. f3 Bxc3 27. Nxc3 Kg7 28. Ne4 Rd7 29. Qd4+ Qe5 30. Qxa7 d5 31. Rd1 d4 32. Rd3 Re6 33. Qa4 Rde7 34. Qb4 Qh2 35. Qd2 g4 36. Nc5 Rc7 37. b4 b6 38. Rxd4 bxc5 39. Rxg4+ Kf7 40. Qd5 Kf6 41. f4 Qg1+ 42. Kb2 Re2+ 43. Kb3 Qb1+ 0-1

[Event "Cheliabinsk Variant Gp-A"]
[Site "Cheliabinsk"]
[Date "2021.03.23"]
[Round "1"]
[White "Garifullina, Leya"]
[Black "Shnayder, Violetta"]
[Result "1-0"]
[WhiteElo "2375"]
[BlackElo "1910"]
[PlyCount "67"]
[EventDate "2021.03.23"]
[EventType "swiss"]
[EventRounds "10"]
[EventCountry "RUS"]
[SourceTitle "CBM 202 Extra"]
[Source "ChessBase"]
[SourceDate "2021.07.31"]
[SourceVersion "1"]
[SourceVersionDate "2021.07.31"]
[SourceQuality "1"]

1. e4 b6 2. d4 e6 3. Nc3 Bb7 4. Bd3 Bb4 5. Qe2 Nf6 6. Bd2 d5 7. e5 Bxc3 8. bxc3 Ne4 9. Qg4 Kf8 10. Bxe4 dxe4 11. Ne2 h5 12. Qf4 Qd5 13. h4 Nd7 14. Rh3 c5 15. f3 Rc8 16. Qg5 f6 17. Qg6 fxe5 18. Rg3 Rg8 19. Bg5 e3 20. Rd1 cxd4 21. Rxd4 Qc6 22. Re4 Ba6 23. Rxe3 Bxe2 24. Kxe2 Qc4+ 25. Kf2 Rc5 26. Rd3 Rc7 27. Kg1 b5 28. Kh2 Qc6 29. Qxh5 Rc8 30. Qg6 Nb6 31. Bh6 Nd5 32. Bxg7+ Ke7 33. Qh7 Kd6 34. Bxe5+ 1-0

[Event "Cheliabinsk Lozovatsky Memorial-A"]
[Site "Cheliabinsk"]
[Date "2021.01.20"]
[Round "7"]
[White "Somkin, Kirill"]
[Black "Shnayder, Violetta"]
[Result "1-0"]
[WhiteElo "2129"]
[BlackElo "1915"]
[PlyCount "67"]
[EventDate "2021.01.15"]
[EventType "swiss"]
[EventRounds "10"]
[EventCountry "RUS"]
[SourceTitle "CBM 200 Extra"]
[Source "ChessBase"]
[SourceDate "2021.03.31"]
[SourceVersion "1"]
[SourceVersionDate "2021.03.31"]
[SourceQuality "1"]

1. e4 g6 2. d4 Bg7 3. Nc3 d6 4. Be3 a6 5. Qd2 b5 6. a4 b4 7. Nd5 a5 8. h4 h5 9. Bc4 e6 10. Nf4 Nf6 11. f3 d5 12. exd5 Nxd5 13. Bf2 Bb7 14. Ngh3 Bf6 15. Bd3 Nc6 16. Nxd5 Qxd5 17. c3 0-0 18. Nf4 Qd7 19. Nxh5 Bh8 20. Ng3 e5 21. h5 exd4 22. hxg6 Rfe8+ 23. Ne4 fxg6 24. Bc4+ Re6 25. Rxh8+ Kxh8 26. Qh6+ Qh7 27. Qxh7+ Kxh7 28. Bxe6 dxc3 29. bxc3 bxc3 30. 0-0-0 Rd8 31. Bd5 c2 32. Rh1+ Kg7 33. Nc3 Nb4 34. Bd4+ 1-0

[Event "Satka Autumn op (Women)"]
[Site "Satka"]
[Date "2020.10.27"]
[Round "7"]
[White "Zherebtsova, Alexandra"]
[Black "Shnayder, Violetta"]
[Result "1-0"]
[WhiteElo "2225"]
[BlackElo "1917"]
[PlyCount "73"]
[EventDate "2020.10.21"]
[EventType "swiss"]
[EventRounds "9"]
[EventCountry "RUS"]
[SourceTitle "CBM 199 Extra"]
[Source "ChessBase"]
[SourceDate "2021.01.31"]
[SourceVersion "1"]
[SourceVersionDate "2021.01.31"]
[SourceQuality "1"]

1. d4 Nf6 2. Bf4 g6 3. e3 Bg7 4. Nf3 d6 5. h3 0-0 6. Be2 Nbd7 7. 0-0 e5 8. dxe5 Ne4 9. Qd5 dxe5 10. Nxe5 Nxe5 11. Qxe4 Bf5 12. Qa4 c6 13. Na3 b5 14. Qb4 a5 15. Qc5 Nd7 16. Qxc6 Bxb2 17. Nxb5 Rc8 18. Qf3 Bxa1 19. Rxa1 Qf6 20. Nd4 Bxc2 21. Qd5 Bf5 22. Qxa5 Rc5 23. Qd2 Nb6 24. a4 Nd5 25. Bg3 Nc3 26. Bd3 Ne4 27. Bxe4 Bxe4 28. a5 h5 29. a6 h4 30. Bf4 g5 31. Bh2 Ba8 32. a7 Rfc8 33. Bb8 Qg6 34. f3 f5 35. Qa2+ Kh7 36. Qa4 Qd6 37. Bxd6 1-0

[Event "Satka Autumn op (Women)"]
[Site "Satka"]
[Date "2020.10.25"]
[Round "5"]
[White "Nechaeva, Marina"]
[Black "Shnayder, Violetta"]
[Result "1-0"]
[WhiteElo "2377"]
[BlackElo "1917"]
[PlyCount "113"]
[EventDate "2020.10.21"]
[EventType "swiss"]
[EventRounds "9"]
[EventCountry "RUS"]
[SourceTitle "CBM 199 Extra"]
[Source "ChessBase"]
[SourceDate "2021.01.31"]
[SourceVersion "1"]
[SourceVersionDate "2021.01.31"]
[SourceQuality "1"]

1. d4 Nf6 2. c4 g6 3. Nf3 Bg7 4. g3 0-0 5. Bg2 d6 6. 0-0 Nc6 7. d5 Na5 8. Nfd2 c5 9. Nc3 a6 10. Qc2 Rb8 11. b3 b5 12. Bb2 bxc4 13. bxc4 e5 14. Nd1 Ne8 15. Bc3 Bd7 16. Qc1 Nb7 17. Rb1 f5 18. e4 f4 19. Qa3 Nc7 20. Nb2 Qe8 21. Nd3 g5 22. Rb6 Qh5 23. Rfb1 Bc8 24. Qc1 Rf6 25. Qd1 Bg4 26. Bf3 fxg3 27. fxg3 Rxf3 28. Nxf3 Bxf3 29. Qd2 Rf8 30. Rxb7 Bxe4 31. Rf1 Rxf1+ 32. Kxf1 Qf3+ 33. Nf2 Ne8 34. Rb8 Kf7 35. Qe2 Qg2+ 36. Ke1 Bf3 37. Qf1 Qxh2 38. Ne4 g4 39. Ng5+ Ke7 40. Rb7+ Kf6 41. Nxf3 Qxg3+ 42. Ke2 gxf3+ 43. Qxf3+ Qxf3+ 44. Kxf3 Kf5 45. Be1 Kg6 46. Re7 Nf6 47. Re6 e4+ 48. Ke2 Kf5 49. Rxd6 Ke5 50. Rxa6 Kd4 51. d6 Bf8 52. Bh4 Nd7 53. Ra7 Ne5 54. d7 Nxd7 55. Rxd7+ Kxc4 56. Rxh7 Kb4 57. Be7 1-0

[Event "Cheliabinsk Panchenko Memorial op-B"]
[Site "Cheliabinsk"]
[Date "2020.09.11"]
[Round "5"]
[White "Shnayder, Violetta"]
[Black "Namay, Viktoria"]
[Result "0-1"]
[WhiteElo "1923"]
[BlackElo "1557"]
[PlyCount "52"]
[EventDate "2020.09.07"]
[EventType "swiss"]
[EventRounds "9"]
[EventCountry "RUS"]
[SourceTitle "CBM 198 Extra"]
[Source "ChessBase"]
[SourceDate "2020.11.30"]
[SourceVersion "1"]
[SourceVersionDate "2020.11.30"]
[SourceQuality "1"]

1. Nf3 d5 2. c4 c6 3. d4 Nf6 4. e3 g6 5. b3 Bg7 6. Bd3 0-0 7. 0-0 Re8 8. Nbd2 Nbd7 9. Bb2 c5 10. Ne5 b6 11. cxd5 Nxd5 12. Qf3 Nxe5 13. dxe5 Be6 14. Qe2 Qc7 15. f4 f5 16. e4 fxe4 17. Bxe4 Rad8 18. g4 Bh6 19. f5 Nf4 20. Rxf4 Bxf4 21. Nf3 c4 22. Bd4 Rxd4 23. Nxd4 Qc5 24. Qf2 Bxe5 25. Rd1 Rd8 26. Qh4 Rxd4 0-1

[Event "RUS-chT U18"]
[Site "St Petersburg"]
[Date "2015.08.07"]
[Round "7.48"]
[White "Shnayder, Violetta"]
[Black "Kruglikova, Viktorija"]
[Result "1-0"]
[WhiteElo "1932"]
[BlackElo "1944"]
[PlyCount "47"]
[EventDate "2015.08.01"]
[EventType "team-swiss"]
[EventRounds "9"]
[EventCountry "RUS"]
[SourceTitle "CBM 167 Extra"]
[Source "ChessBase"]
[SourceDate "2015.09.14"]
[SourceVersion "1"]
[SourceVersionDate "2015.09.14"]
[SourceQuality "1"]
[WhiteTeam "Cheliabinsk Chess and Checkers"]
[BlackTeam "Karpov Chess School"]
[WhiteTeamCountry "RUS"]
[BlackTeamCountry "RUS"]

1. Nf3 d5 2. c4 d4 3. b4 e5 4. Nxe5 Qf6 5. Nd3 Bf5 6. c5 Bxd3 7. exd3 Nc6 8. Ba3 Nge7 9. Be2 Nd5 10. b5 Ne5 11. 0-0 Nf4 12. g3 Ne6 13. f4 Nd7 14. c6 bxc6 15. Bxf8 Kxf8 16. Bf3 h5 17. Bxc6 Rd8 18. h4 Qf5 19. Qf3 Nf6 20. Re1 Nc5 21. Re5 Qxd3 22. Rxc5 Qg6 23. d3 Ng4 24. Nd2 1-0

[Event "RUS-chT U18"]
[Site "St Petersburg"]
[Date "2015.08.05"]
[Round "5.44"]
[White "Obolentseva, Alexandra"]
[Black "Shnayder, Violetta"]
[Result "1/2-1/2"]
[WhiteElo "2113"]
[BlackElo "1932"]
[PlyCount "89"]
[EventDate "2015.08.01"]
[EventType "team-swiss"]
[EventRounds "9"]
[EventCountry "RUS"]
[SourceTitle "CBM 167 Extra"]
[Source "ChessBase"]
[SourceDate "2015.09.14"]
[SourceVersion "1"]
[SourceVersionDate "2015.09.14"]
[SourceQuality "1"]
[WhiteTeam "Moscow Palace Youth II"]
[BlackTeam "Cheliabinsk Chess and Checkers"]
[WhiteTeamCountry "RUS"]
[BlackTeamCountry "RUS"]

1. d4 Nf6 2. c4 g6 3. Nc3 Bg7 4. e4 d6 5. Be2 Nbd7 6. Nf3 0-0 7. 0-0 c6 8. Qc2 e5 9. Be3 Qc7 10. Rad1 h6 11. h3 Kh7 12. b4 exd4 13. Nxd4 Re8 14. Bf4 Ne5 15. Bh2 a5 16. b5 Ng8 17. Kh1 a4 18. Nxa4 Qa5 19. Nc3 Qb4 20. Rb1 Qc5 21. Nb3 Qa7 22. Bg1 Qa3 23. f4 Nd7 24. Bd3 Nc5 25. Bxc5 dxc5 26. e5 Ne7 27. Ne4 Nf5 28. Rfe1 cxb5 29. cxb5 b6 30. g4 Nh4 31. Nd6 Rd8 32. Be4 Ra4 33. Nc4 Rxc4 34. Qxc4 Be6 35. Qc1 Qxa2 36. Qb2 Qa4 37. Nd2 Bd5 38. Ra1 Bxe4+ 39. Nxe4 Qc4 40. Qe2 Qb3 41. Rf1 Rd3 42. Rf2 Re3 43. Qd1 Qxd1+ 44. Rxd1 Rxe4 45. Rd7 1/2-1/2

[Event "RUS-chT U18"]
[Site "St Petersburg"]
[Date "2015.08.04"]
[Round "4.44"]
[White "Shnayder, Violetta"]
[Black "Kiseleva, Ekaterina"]
[Result "0-1"]
[WhiteElo "1932"]
[BlackElo "1826"]
[PlyCount "86"]
[EventDate "2015.08.01"]
[EventType "team-swiss"]
[EventRounds "9"]
[EventCountry "RUS"]
[SourceTitle "CBM 167 Extra"]
[Source "ChessBase"]
[SourceDate "2015.09.14"]
[SourceVersion "1"]
[SourceVersionDate "2015.09.14"]
[SourceQuality "1"]
[WhiteTeam "Cheliabinsk Chess and Checkers"]
[BlackTeam "Vladivostok"]
[WhiteTeamCountry "RUS"]
[BlackTeamCountry "RUS"]

1. Nf3 d6 2. d4 g6 3. c4 Bg7 4. Nc3 Nf6 5. e4 0-0 6. Be2 e5 7. d5 Nbd7 8. 0-0 Nc5 9. Qc2 a5 10. Be3 Ne8 11. Nd2 f5 12. f3 f4 13. Bf2 g5 14. a3 b6 15. b4 Nd7 16. Na4 h5 17. h3 axb4 18. axb4 Ndf6 19. c5 bxc5 20. bxc5 g4 21. cxd6 Nxd6 22. Nc4 Nxc4 23. Bxc4 gxh3 24. Bc5 Re8 25. d6+ Kh8 26. Rfd1 cxd6 27. Bxd6 Bd7 28. Bf7 Bxa4 29. Rxa4 Rxa4 30. Qxa4 Qb6+ 31. Kf1 hxg2+ 32. Kxg2 Qb2+ 33. Kf1 Rc8 34. Qa1 Qh2 35. Bb3 Qh3+ 36. Ke2 Qg2+ 37. Ke1 Qg1+ 38. Ke2 Qe3+ 39. Kf1 Qxf3+ 40. Kg1 Qe3+ 41. Kf1 Qxb3 42. Bxe5 Qf3+ 43. Kg1 Rc2 0-1